| 000 | 00389nam a2200145Ia 4500 | ||
|---|---|---|---|
| 008 | 151213s9999 xx 000 0 und d | ||
| 100 | _aBlumenfeld, Yorick | ||
| 245 |
_a2099: a eutapia _cBlumenfeld, Yorick |
||
| 260 |
_aNew York _bThames & Hudson _c1999 |
||
| 300 | _a1758 p. | ||
| 650 | _a English Language | ||
| 650 | _aEnglish Language | ||
| 700 | _aBlumenfeld, Yorick | ||
| 999 |
_c1293 _d1293 |
||